Countries by Capitals: North America Quiz Stats

 Plays Quiz Updated Feb 8, 2018

Challenge
Share
Tweet
Embed
Score 0/23 Timer 03:00
3 Plays Today
Question Answer Wrong Answers
Ottawa Canada
95.1%
United States
0.2%
Bahamas
0.4%
Cuba
0.5%
Washington, D.C. United States
94.9%
Trinidad and Tobago
1.1%
Canada
0.2%
Antigua and Barbuda
0.1%
Havana Cuba
94.4%
Haiti
1%
Dominican Republic
0.5%
Dominica
0.3%
Mexico City Mexico
93.4%
Colombia
2.6%
Belize
0.1%
Guatemala
0.1%
Panama City Panama
93.3%
El Salvador
2.7%
Costa Rica
0.2%
Dominica
0.2%
Guatemala City Guatemala
92.7%
South Guatemala
1%
Nicaragua
0.2%
Honduras
2.3%
San Salvador El Salvador
91.6%
North Salvador
2.8%
Barbados
1%
Belize
0.8%
Kingston Jamaica
91.3%
Dominica
1%
Dominican Republic
1%
Saint Vincent and the Grenadines
2.7%
Nassau Bahamas
87.6%
Haiti
3.4%
Cuba
1.1%
Dominica
4%
San José Costa Rica
87.5%
Grenada
3.2%
Antigua and Barbuda
2.7%
Saint Kitts and Nevis
2.5%
Port-au-Prince Haiti
87.4%
Dominican Republic
3.5%
Cuba
1.1%
Saint Lucia
4%
Santo Domingo Dominican Republic
80.2%
Dominica
13.1%
Jamaica
0.7%
Haiti
2%
Belmopan Belize
79.4%
Honduras
7.9%
Nicaragua
5.5%
Costa Rica
2.6%
Roseau Dominica
78.9%
Dominican Republic
7.8%
Bahamas
7.6%
Cuba
1.3%
Managua Nicaragua
78.8%
Guatemala
6.7%
Grenada
6.1%
Honduras
4.1%
Port of Spain Trinidad and Tobago
71.2%
Barbados
5.2%
Saint Lucia
9.4%
Grenada
10%
Tegucigalpa Honduras
65.9%
Costa Rica
3.2%
Belize
10.5%
Nicaragua
16.3%
Bridgetown Barbados
61.3%
Grenada
11.3%
Antigua and Barbuda
11.2%
Saint Kitts and Nevis
11.9%
Castries Saint Lucia
55.8%
Saint Vincent and the Grenadines
19.7%
Saint Kitts and Nevis
16.3%
El Salvador
3.6%
Saint George's Grenada
54.3%
Costa Rica
2.6%
Antigua and Barbuda
22.9%
Barbados
15.8%
St. John's Antigua and Barbuda
48.2%
Saint Kitts and Nevis
20.2%
Bahamas
8.1%
Saint Vincent and the Grenadines
19%
Basseterre Saint Kitts and Nevis
43%
Martinique
32.6%
Antigua and Barbuda
11.4%
Barbados
8.4%
Kingstown Saint Vincent and the Grenadines
36.9%
Jamaica
39.3%
Barbados
12.4%
Saint Lucia
7.4%

You're not logged in!

Compare scores with friends on all Sporcle quizzes.
Join for Free
OR
Log In

You Might Also Like...

Show Comments

Extras

Top Quizzes Today


Score Distribution

Your Account Isn't Verified!

In order to create a playlist on Sporcle, you need to verify the email address you used during registration. Go to your Sporcle Settings to finish the process.

Report this User

Report this user for behavior that violates our Community Guidelines.

Details: